000 00778nam a2200229Ii 4500
003 JO-AjNU
008 230605s9999||||xx |||||||||||||| ||und||
017 _a2018/3363
020 _a978-922-600-30-7
040 _aJO-AjNU
_bara
_erda
_cJO-AjNU
041 _aara
050 1 4 _aHG1615 2019
100 3 _aالجبوري، عبد العزيز شويش عبد الحميد ,
_eauthor
_961756
245 0 0 _aإدارة المصارف مدخل تطبيقي
250 _aط1
264 3 1 _aبغداد: الذاكرة للنشر والتوزيع،2019
300 _a404ص
336 _atext
_btxt
_2rdacontent
337 _aunmediated
_bn
_2rdamedia
338 _avolume
_bnc
_2rdacarrier
650 4 _aالبنوك- الاعتمادات التجارية المصرفية
_961757
999 _aA27931
_c31499
_d31499